| 000 | 00564nam a2200193 i 4500 | ||
|---|---|---|---|
| 001 | 83222 | ||
| 003 | ES-MaACL | ||
| 005 | 20250920063046.0 | ||
| 007 | t| | ||
| 008 | 041116q1921 sp ||||1| spa d | ||
| 100 | 1 |
_aInsúa, Alberto, _d1885-1963 _965346 |
|
| 245 | 1 | 0 | _aObras completas de Alberto Insúa. |
| 260 |
_aMadrid : _b[s.n., _c1921?] ( _fJ. Pueyo) |
||
| 300 |
_a329 p. ; _c19 cm. |
||
| 505 | 8 | _aContiene: Las fronteras de la pasión : novela | |
| 740 | 4 | _aLas fronteras de la pasión. | |
| 852 |
_aES-MaACL _jB-6109 |
||
| 999 |
_c83222 _d83222 |
||